Top 100 NBA Players 2022 - Statistics

General Stats
  • This quiz has been taken 24,809 times
  • The average score is 61 of 100
Answer Stats
Rank Team Player % Correct
3 Lakers LeBron James
99%
5 Warriors Stephen Curry
98%
2 Bucks Giannis Antetokounmpo
97%
1 Nets Kevin Durant
97%
4 Mavericks Luka Doncic
95%
88 76ers Seth Curry
95%
9 Lakers Anthony Davis
94%
10 Nets James Harden
94%
8 Trail Blazers Damian Lillard
93%
7 76ers Joel Embiid
93%
20 Nets Kyrie Irving
93%
6 Nuggets Nikola Jokic
93%
13 Suns Chris Paul
91%
15 Suns Devin Booker
90%
17 Hawks Trae Young
90%
14 Celtics Jayson Tatum
89%
16 Heat Jimmy Butler
89%
12 Clippers Paul George
87%
11 Wizards Bradley Beal
86%
32 Warriors Klay Thompson
86%
23 Pelicans Zion Williamson
86%
18 Jazz Donovan Mitchell
84%
37 Warriors Draymond Green
84%
27 Celtics Jaylen Brown
84%
24 Timberwolves Karl-Anthony Towns
84%
19 Bucks Khris Middleton
84%
29 Lakers Russell Westbrook
84%
31 Grizzlies Ja Morant
83%
96 Rockets Jalen Green
82%
47 Hornets LaMelo Ball
82%
25 Jazz Rudy Gobert
82%
22 Bucks Jrue Holiday
80%
57 Bulls Lonzo Ball
80%
21 Heat Bam Adebayo
79%
33 Bulls Zach LaVine
79%
28 76ers Ben Simmons
78%
45 Bulls DeMar DeRozan
77%
34 Kings De'Aaron Fox
76%
35 Suns Deandre Ayton
74%
26 Pelicans Brandon Ingram
73%
30 Trail Blazers CJ McCollum
72%
83 Spurs Dejounte Murray
72%
36 Thunder Shai Gilgeous-Alexander
72%
38 Raptors Pascal Siakam
71%
43 Heat Kyle Lowry
69%
40 Pacers Domantas Sabonis
67%
42 Knicks Julius Randle
67%
52 Timberwolves Anthony Edwards
62%
50 Mavericks Kristaps Porzingis
62%
39 Bulls Nikola Vucevic
61%
46 76ers Tobias Harris
61%
75 Nets Joe Harris
60%
49 Celtics Marcus Smart
57%
41 Nuggets Michael Porter Jr.
57%
55 Hawks Clint Capela
55%
84 Cavaliers Darius Garland
53%
56 Raptors Fred VanVleet
53%
54 Hawks John Collins
52%
66 Suns Mikal Bridges
52%
87 Hornets Miles Bridges
52%
63 Timberwolves D'Angelo Russell
51%
61 Cavaliers Jarrett Allen
51%
44 Pacers Myles Turner
51%
77 Warriors Andrew Wiggins
50%
71 Grizzlies Jaren Jackson Jr.
50%
48 Jazz Mike Conley
50%
85 Rockets John Wall
48%
51 Kings Buddy Hield
47%
59 Cavaliers Collin Sexton
47%
76 Pistons Cade Cunningham
46%
73 Kings Tyrese Haliburton
46%
64 Hawks Bogdan Bogdanovic
44%
67 Jazz Bojan Bogdanovic
44%
69 Nuggets Aaron Gordon
43%
74 Trail Blazers Jusuf Nurkic
43%
53 Pistons Jerami Grant
41%
58 Hornets Gordon Hayward
40%
70 Knicks Kemba Walker
40%
92 Heat Duncan Robinson
38%
93 Knicks Mitchell Robinson
37%
98 Grizzlies Steven Adams
37%
60 Rockets Christian Wood
35%
65 Pacers Malcolm Brogdon
35%
91 Knicks Derrick Rose
33%
94 Pelicans Jonas Valanciunas
32%
81 Hornets Terry Rozier
32%
62 Jazz Joe Ingles
31%
90 Jazz Jordan Clarkson
31%
82 Cavaliers Lauri Markkanen
30%
79 Mavericks Tim Hardaway Jr.
27%
78 Grizzlies Dillon Brooks
26%
95 Hawks Kevin Huerter
26%
72 Raptors OG Anunoby
25%
68 Wizards Spencer Dinwiddie
25%
80 Pacers Caris LeVert
24%
100 Trail Blazers Norman Powell
21%
97 Nuggets Will Barton
16%
99 Hawks Danilo Gallinari
15%
86 Pelicans Devonte' Graham
14%
89 Trail Blazers Robert Covington
14%
No matching quizzes found
Score Distribution
Percent of People with Each Score
Percentile by Number Answered
Your Score History
You have not taken this quiz